Cultural : (Registro nro. 21711)

Detalles MARC
000 -Cabecera
Campo de control interno 01255nam a2200229Ia 4500
005 - Fecha y hora del registro
control field 20260421103440.0
008 - Elementos de Longitud Fija
fixed length control field 260320s9999||||xx |||||||||||||| ||und||
022 ## - ISSN
ISSN 28108256
041 ## - Idioma
Codigo Idioma ESP
082 ## - DEWEY y NOTACIÓN INTERNA
Dewey HR 056 JUN 2025
Notación Interna CULTURAL
110 ## - AUTOR INSTTITUCIONAL
Autor Institucional Centro Cultural Peruano Norteamericano de Arequipa
245 #0 - TÍTULO DE MATERIAL BIBLIOGRÁFICO
Título Cultural :
Título paralelo revista anual del Centro Cultural Peruano Norteamericano de Arequipa
260 ## - CIUDAD, EDITORIAL, AÑO
Ciudad Arequipa :
Nombre de la Editorial Centro Cultural Peruano Norteamericano,
Año 2025
300 ## - DESCRIPCIÓN
N° Páginas 126 páginas :
Dimensiones 24 cm.
505 ## - TABLA DE CONTENIDO
Tabla de Contenido Núm. 4 (2025) - Editorial 70 años tendiendo puentes con los Estados Unidos y el futuro - Artículo Arte e identidad cultural en Arequipa. Estética y crítica de arte en la revista Escocia (1927-1938). Diego Paitán Leonardo. El cine contemporáneo en la Región Sur. Edward de Ybarra - Exposiciones artísticas - Entrevistas, reseñas y semblanzas - Conciertos - Teatro - Cursos y conferencias - Actividades de fomento a la lectura Presentaciones de libros y revistas
650 ## - TEMAS
Temas Generalidades
653 ## - DESCRIPTORES
Lenguajes no controlado Cultura - Revista
654 ## - PROGRAMAS
Programa Dpto. de Humanidades
856 ## - URL - UBICACIÓN
URI/URL: Enlace exacto del recurso <a href="https://revistas.ucsp.edu.pe/">https://revistas.ucsp.edu.pe/</a>
Nota pública: Versión digital <a href="Véase además: Revistas académicas UCSP">Véase además: Revistas académicas UCSP</a>
942 ## - ELEMENTOS DE KOHA
Tipo de documento Revista
Nombre del creador Justo Noguera
Código de catalogador Margarita Torres
Esquema de clasificación Dewey Decimal Classification
Existencias
Codigo completo Registro Colección Copia número Disponibilidad Tipo de préstamo Biblioteca Actual Procedencia (Biblioteca) Ubicacón Fecha Ingreso Tipo de Adquisición Observación Date last seen Total checkouts Price effective from Tipo de Item Estado del Material Fuente de Clasificación Damaged status Withdrawn status
HR 056 JUN 2025 CULTURAL 1085258 Universidad Católica San Pablo 1 Disponible Disponible Víctor Andrés Belaunde Víctor Andrés Belaunde Planta baja abierta 10/03/2026 Donación Cultural 20/03/2026   20/03/2026 Revista Bueno Dewey Decimal Classification